Inovácie v oblasti ekologických obalov v potravinárskom priemysle

Analýza inovácií v oblasti ekologických obalov v potravinárskom priemysle na zahraničnom a slovenskom trhu.

Na minha lista:
Detalhes bibliográficos
Autor principal: Jarossová, Malgorzata Agnieszka, 1978-
Formato: Capítulo de Livro
Idioma:eslovaco
Assuntos:
Tags: Adicionar Tag
Sem tags, seja o primeiro a adicionar uma tag!

MARC

LEADER 00000naa a2200000 4500
001 0195621
005 20240502073302.0
041 0 |a slo 
044 |a SK 
245 1 0 |a Inovácie v oblasti ekologických obalov v potravinárskom priemysle  |c Malgorzata A. Jarossová 
520 |a Analýza inovácií v oblasti ekologických obalov v potravinárskom priemysle na zahraničnom a slovenskom trhu. 
610 2 0 |a analýza ekonomická 
610 2 0 |a inovácia 
610 2 0 |a ochrana zdravia 
610 2 0 |a kvalita výrobkov 
610 2 0 |a priemysel potravinársky 
610 2 0 |a ochrana prostredia životného 
610 2 0 |a technika obalová 
100 1 |a Jarossová, Malgorzata Agnieszka, 1978-